Statistiques concernant Harry Potter: la Chaussette de Dobby

Cliquez ici pour prendre le quiz!

Statistiques générales

  • Ce quiz a été pris 172 fois
  • Le résultat moyen est 6 sur 6

Statistiques - réponses

InformationRéponses% Correct
Premier propriétaireHarry Potter
98%
Première apparitionHarry Potter et la Chambre des Secrets
98%
Dernière apparitionHarry Potter et la Chambre des Secrets
98%
Deuxième propriétaireDobby
97%
UtilisationLibérer Dobby
93%
Objet dans lequel elle est trouvéeJournal de Jedusor
89%

Distribution des résultats

Percentile par nombre de réponses

% des personnes avec chaque résultat

Votre développement - résultats

Vous n’avez pas pris ce quiz